000 00506nam a2200169 i 4500
001 bg
245 0 _aFiziceskaja chimija kondensirovannych faz sverchtverdych materialov i ich granic razdela.
260 _aKiev :
_bIzdat. "Naukova Dumka",
_c1975.
300 _as. 231, nlb. 1, [tabl.] [w tym] nlb. 4 :
_brys., ilustr.
500 _a[Alf. ros.].
504 _a[Zaiera bibliogr.].
040 _cBPK
041 _apol
080 _a541.1:532
942 _cKS
008 s pl f |000 0 pol
999 _c16270
_d16270
856 _uhttp://koha.tu.koszalin.pl/cgi-bin/koha/opac-detail.pl?biblionumber=16270
_yKatalog online BPK